[Event "TUR-chT 2nd League"]
[Site "Konya"]
[Date "2018.07.22"]
[Round "9.13"]
[White "Danaci, Emin"]
[Black "Ekinci, Berkay"]
[Result "1/2-1/2"]
[WhiteElo "1598"]
[BlackElo "1714"]
[PlyCount "89"]
[EventDate "2018.07.16"]
[EventType "team-swiss"]
[EventRounds "9"]
[EventCountry "TUR"]
[SourceTitle "EXT 2019"]
[Source "ChessBase"]
[SourceDate "2018.10.10"]
[SourceVersion "1"]
[SourceVersionDate "2018.10.10"]
[SourceQuality "1"]
[WhiteTeam "Seviye Dernegi"]
[BlackTeam "Istanbul Sisli"]
[WhiteTeamCountry "TUR"]
[BlackTeamCountry "TUR"]

1. Nf3 Nf6 2. g3 g6 3. Bg2 Bg7 4. 0-0 0-0 5. c4 c5 6. Nc3 d5 7. cxd5 Nxd5 8. Nxd5 Qxd5 9. d3 Nc6 10. a3 Rd8 11. Qc2 b6 12. Bd2 Bb7 13. Bc3 Bd4 14. Qc1 Rac8 15. Qd2 Bxc3 16. bxc3 Ne5 17. Qf4 Nxf3+ 18. Bxf3 Qd7 19. Rfd1 Bxf3 20. Qxf3 Qa4 21. Qe3 e6 22. c4 Rd4 23. Rdb1 Rcd8 24. Rc1 R8d6 25. Rab1 Rd7 26. Ra1 a6 27. Rab1 R7d6 28. Rc3 Qc6 29. Rcb3 Qc7 30. Qe5 Qd8 31. Qe3 e5 32. f3 f6 33. a4 a5 34. Qc1 Rc6 35. Qe3 Rdd6 36. Kg2 Re6 37. g4 f5 38. h3 f4 39. Qf2 h5 40. Rh1 Kg7 41. Rb5 Qd4 42. Qxd4 exd4 43. Kf2 Re5 44. Rhb1 Ree6 45. Rg1 1/2-1/2

[Event "TUR-chT 2nd League"]
[Site "Konya"]
[Date "2017.07.21"]
[Round "7.10"]
[White "Seyit, Ersel"]
[Black "Danaci, Emin"]
[Result "1-0"]
[WhiteElo "1748"]
[BlackElo "1524"]
[PlyCount "91"]
[EventDate "2017.07.17"]
[EventType "team-swiss"]
[EventRounds "9"]
[EventCountry "TUR"]
[SourceTitle "CBM 179 Extra"]
[Source "ChessBase"]
[SourceDate "2017.08.23"]
[SourceVersion "1"]
[SourceVersionDate "2017.08.23"]
[SourceQuality "1"]
[WhiteTeam "Corum Belediye"]
[BlackTeam "Gaziante Seviye"]
[WhiteTeamCountry "TUR"]
[BlackTeamCountry "TUR"]

1. e4 c5 2. Nf3 Nc6 3. d3 e6 4. g3 Nf6 5. Bg2 d6 6. 0-0 Be7 7. Nbd2 0-0 8. Re1 Qc7 9. c3 b6 10. e5 dxe5 11. Nxe5 Bb7 12. Ndf3 Nxe5 13. Nxe5 Bxg2 14. Kxg2 Qb7+ 15. Qf3 Qxf3+ 16. Nxf3 Rfd8 17. d4 h6 18. Be3 Nd5 19. Rad1 Nxe3+ 20. fxe3 cxd4 21. exd4 Bf6 22. Re2 Rac8 23. Rf1 Rc7 24. h4 h5 25. Kh3 Rd5 26. g4 hxg4+ 27. Kxg4 b5 28. Ng5 Bxg5 29. hxg5 b4 30. Rf3 a5 31. g6 bxc3 32. bxc3 f6 33. Rxe6 Rg5+ 34. Kf4 Rxg6 35. Ke4 Rg5 36. Kd3 Kf7 37. Re2 Rd5 38. c4 Rd6 39. d5 Re7 40. Rxe7+ Kxe7 41. Kd4 g5 42. c5 Rd8 43. Re3+ Kd7 44. c6+ Kc7 45. Re7+ Kc8 46. Rf7 1-0

[Event "TUR-chT 2nd League"]
[Site "Konya"]
[Date "2017.07.20"]
[Round "6.12"]
[White "Danaci, Emin"]
[Black "Acikgoz, Kagan Kerem"]
[Result "1-0"]
[WhiteElo "1524"]
[BlackElo "1571"]
[PlyCount "71"]
[EventDate "2017.07.17"]
[EventType "team-swiss"]
[EventRounds "9"]
[EventCountry "TUR"]
[SourceTitle "CBM 179 Extra"]
[Source "ChessBase"]
[SourceDate "2017.08.23"]
[SourceVersion "1"]
[SourceVersionDate "2017.08.23"]
[SourceQuality "1"]
[WhiteTeam "Gaziante Seviye"]
[BlackTeam "Izmir Cesme Belediye"]
[WhiteTeamCountry "TUR"]
[BlackTeamCountry "TUR"]

1. Nf3 d5 2. d4 Nf6 3. c4 e6 4. Nc3 c6 5. e3 Nbd7 6. Bd3 Bd6 7. 0-0 0-0 8. cxd5 exd5 9. Qc2 h6 10. Re1 Re8 11. b3 c5 12. dxc5 Nxc5 13. Bb5 Bd7 14. Bb2 Bc6 15. Bxc6 bxc6 16. Ne2 Rc8 17. Ned4 Nfe4 18. Nf5 Bf8 19. Red1 Qd7 20. Ng3 Nxg3 21. hxg3 Ne4 22. Rac1 c5 23. Rd3 Qb7 24. Rcd1 Red8 25. Nd2 Ng5 26. Nc4 Ne6 27. Na3 c4 28. bxc4 Bxa3 29. Bxa3 Rxc4 30. Qb3 Qc6 31. R1d2 a5 32. Qd1 Nc7 33. e4 Rxe4 34. Bb2 Rde8 35. Kh2 h5 36. Qf3 1-0

[Event "TUR-chT 2nd League"]
[Site "Konya"]
[Date "2017.07.20"]
[Round "5.8"]
[White "Gurbuz, Bayram"]
[Black "Danaci, Emin"]
[Result "0-1"]
[WhiteElo "1794"]
[BlackElo "1524"]
[PlyCount "91"]
[EventDate "2017.07.17"]
[EventType "team-swiss"]
[EventRounds "9"]
[EventCountry "TUR"]
[SourceTitle "CBM 179 Extra"]
[Source "ChessBase"]
[SourceDate "2017.08.23"]
[SourceVersion "1"]
[SourceVersionDate "2017.08.23"]
[SourceQuality "1"]
[WhiteTeam "Bursa Nida"]
[BlackTeam "Gaziante Seviye"]
[WhiteTeamCountry "TUR"]
[BlackTeamCountry "TUR"]

1. e4 c5 2. Nf3 Nc6 3. d3 d6 4. Be2 Nf6 5. c3 e5 6. 0-0 Be7 7. a4 0-0 8. Bg5 Be6 9. Nbd2 a6 10. Bxf6 Bxf6 11. Qc2 Qc7 12. Nc4 Na5 13. Nxa5 Qxa5 14. Nd2 Qc7 15. a5 g6 16. Nc4 Bxc4 17. dxc4 Bg5 18. Qd3 Rfd8 19. b4 Kg7 20. Bg4 h5 21. Be2 Qe7 22. Rad1 Qe6 23. Qb1 Rd7 24. Rd5 Be7 25. Rfd1 cxb4 26. cxb4 Rc7 27. Qb2 f6 28. Qa3 Rac8 29. Qg3 Kh7 30. f4 Rg8 31. f5 Qf7 32. Qh3 Kh6 33. fxg6 Qxg6 34. R5d3 Rcc8 35. Rf1 Qxe4 36. Qxh5+ Kg7 37. Qh6+ Kf7 38. Bh5+ Ke6 39. Bg4+ Rxg4 40. Rdf3 Qg6 41. Qd2 Rcxc4 42. R3f2 d5 43. Qe3 Rxb4 44. Qa7 Rb1 45. Qb8 Rxf1+ 46. Kxf1 0-1